| 000 | 00741nam a2200241Ia 4500 | ||
|---|---|---|---|
| 003 | OSt | ||
| 005 | 20221005073835.0 | ||
| 006 | a|||||r|||| 00| 0 | ||
| 007 | ta | ||
| 008 | 221004b |||||||| |||| 00| 0 eng d | ||
| 020 | _a9788192228488 (hbk) | ||
| 024 | _a26286 | ||
| 037 |
_bGift, 29/04/2016, _cTextual |
||
| 040 |
_aCRL _cCRL _beng |
||
| 041 |
_2eng _aeng |
||
| 082 | _aT4:281,e4,JM, Q3 | ||
| 245 | 0 |
_aCrossing boundaries, erasing margins _b Interdisciplinary, collaborative, innovation projects 2012 - 2013 |
|
| 260 |
_aNew Delhi _bJesus and Mary College India _c2013 |
||
| 300 |
_a123p. _ccm. |
||
| 650 | _aEDUCATION | ||
| 942 |
_hT4:281,e4,JM, Q3 _cTEXL _2cc |
||
| 999 |
_c981793 _d981793 |
||